الزراعة والغذاء في مصر : (Record no. 14932)
[ view plain ]
| 000 -الفاتح | |
|---|---|
| حقل البيانات ثابتة الطول | 01059nam a22002057a 4500 |
| 008 - عناصر البيانات ثابتة الطول - معلومات عامة | |
| حقل البيانات ثابتة الطول | 110120s2001 ua|||||r|||| 000 0 ara d |
| 020 ## - الرقم الدولى المعيارى للكتب | |
| الرقم الدولى المعيارى للكتاب | 9770906727 |
| 082 ## - رقم تصنيف ديوى العشرى | |
| رقم التصنيف | 338.162 |
| رقم المادة | ف ت ا |
| 100 ## - المدخل الرئيسى - إسم شخصى | |
| 9 (RLIN) | 22110 |
| الإسم الشخصى | عبد الفتاح ، محمود منصور |
| 245 ## - بيان العنوان | |
| العنوان | الزراعة والغذاء في مصر : |
| بقية العنوان | الواقع وسيناريوهات بديلة حتى عام 2020 / |
| بيان المسئوليه,etc | محمود منصور عبد الفتاح ، نصر محمد القزاز ، باسم سليمان فياض |
| 260 ## - PUBLICATION, DISTRIBUTION, ETC. (IMPRINT) | |
| مكان الناشر او الموزع | القاهرة : |
| اسم الناشر او الموزع | دار الشروق ، 2001 |
| تاريخ النشر أو التوزيع | 2001 |
| 300 ## - الوصف المادى | |
| التعداد | 311 ص : |
| تفاصيل ماديه اخرى للوعاء | ايض ؛ |
| أبعاد الوعاء | 20 سم |
| 490 ## - بيان السلسلة | |
| -- | 21479 |
| عنوان السلسلة | مكتبة مصر 2020 |
| 541 ## - تبصرة المصدر المباشر للتزويد | |
| مصدر التزويد | د. باسم أحمد ؛ |
| طريقة التزويد | إهداء ؛ |
| 650 ## - المدخل الاضافى بالموضوع-مصطلح موضوعى | |
| 9 (RLIN) | 15139 |
| مصطلح موضوعي أو اسم جغرافي كعنصر مدخل | الزراعة |
| التقسيم الفرعي العام | اقتصاديات |
| التقسيم الفرعي الجغرافي | مصر |
| 700 ## - المدخل الاضافى - اسم شخصى | |
| 9 (RLIN) | 22112 |
| الإسم الشخصى | فياض ، باسم سليمان |
| 700 ## - المدخل الاضافى - اسم شخصى | |
| 9 (RLIN) | 22111 |
| الإسم الشخصى | القزاز ، نصر محمد |
| 942 ## - عناصر المدخل الإضافي( كوها) | |
| مصدر التصنيف او مخطط الترفيف | Dewey Decimal Classification |
| Koha [default] item type | Book - Borrowing |
| حالة التراجع | حالة الفقد | مصدر التصنيف او خطة الترفيف | حالة تلف | ليس للاعارة | مجموعات كوها | المكان الدائم | المكان الحالي | موقع الترفيف | تاريخ الاكتساب | Source of acquisition | رقم الاستدعاء | الباركود | Date last seen | مُعار | نوع الوعاء |
|---|---|---|---|---|---|---|---|---|---|---|---|---|---|---|---|
| Dewey Decimal Classification | Central Library | Central Library | First floor | 20/01/2011 | Donation | 338.162 ف ت ا | 000022767 | 15/07/2025 | 23/03/2016 | Book - Borrowing |